Impacts psychosociaux du non-paiement des soins sur les indigentes retenues à l’HOMEL (Bénin) (notice n° 1758339)
[ vue normale ]
| 000 -LEADER | |
|---|---|
| fixed length control field | 02001cam a2200265 4500500 |
| 005 - DATE AND TIME OF LATEST TRANSACTION | |
| control field | 20260322010651.0 |
| 041 ## - LANGUAGE CODE | |
| Language code of text/sound track or separate title | fre |
| 042 ## - AUTHENTICATION CODE | |
| Authentication code | dc |
| 100 10 - MAIN ENTRY--PERSONAL NAME | |
| Personal name | Tognidé, Mathieu C. |
| Relator term | author |
| 245 00 - TITLE STATEMENT | |
| Title | Impacts psychosociaux du non-paiement des soins sur les indigentes retenues à l’HOMEL (Bénin) |
| 260 ## - PUBLICATION, DISTRIBUTION, ETC. | |
| Date of publication, distribution, etc. | 2010.<br/> |
| 500 ## - GENERAL NOTE | |
| General note | 65 |
| 520 ## - SUMMARY, ETC. | |
| Summary, etc. | La plus grande proportion des malades ne bénéficie d’aucune prestation de la sécurité sociale dans nos pays en voie de développement. Les conséquences sont entre autres l’incapacité de payer les soins après en avoir bénéficié. L’objectif de cette étude est de déterminer les impacts psychosociaux sur les femmes indigentes retenues à l’hôpital Mère-enfant de la lagune (HOMEL) pour non paiement de soins. C’est une étude descriptive, analytique rétrospective et prospective qui s’est déroulée du 1er janvier 2005 au 31 août 2005. Il ressort de celle-ci que 94,3 % des femmes indigentes retenaues sous les paillotes de l’HOMEL sont âgées de 15 à 34 ans avec un revenu mensuel inférieur au SMIG béninois. Les impacts psychosociaux sont essentiellement les sentiments de honte 85,91 %, d’anxiété 83,33 % et un affect dépressif avec parfois une dépression 43,48 %. L’analphabétisme (75 % des femmes indigentes), la pauvreté (98,61 % des femmes ont un revenu inférieur SMIG béninois), la polygamie (34,92 %) sont des facteurs déterminants de l’indigence des femmes à l’HOMEL. |
| 690 ## - LOCAL SUBJECT ADDED ENTRY--TOPICAL TERM (OCLC, RLIN) | |
| Topical term or geographic name as entry element | femmes indigentes |
| 690 ## - LOCAL SUBJECT ADDED ENTRY--TOPICAL TERM (OCLC, RLIN) | |
| Topical term or geographic name as entry element | Impacts |
| 690 ## - LOCAL SUBJECT ADDED ENTRY--TOPICAL TERM (OCLC, RLIN) | |
| Topical term or geographic name as entry element | psychosociologie |
| 690 ## - LOCAL SUBJECT ADDED ENTRY--TOPICAL TERM (OCLC, RLIN) | |
| Topical term or geographic name as entry element | soins |
| 700 10 - ADDED ENTRY--PERSONAL NAME | |
| Personal name | Tognon, Francis |
| Relator term | author |
| 700 10 - ADDED ENTRY--PERSONAL NAME | |
| Personal name | Gansou, Grégoire Magloire |
| Relator term | author |
| 700 10 - ADDED ENTRY--PERSONAL NAME | |
| Personal name | Ezin-Houngbe, Josiane |
| Relator term | author |
| 700 10 - ADDED ENTRY--PERSONAL NAME | |
| Personal name | Ahyi, René Gualbert |
| Relator term | author |
| 700 10 - ADDED ENTRY--PERSONAL NAME | |
| Personal name | C, Labitan |
| Relator term | author |
| 786 0# - DATA SOURCE ENTRY | |
| Note | Psy Cause | 58 | 2 | 2010-01-10 | p. 17-20 | 1245-2394 |
| 856 41 - ELECTRONIC LOCATION AND ACCESS | |
| Uniform Resource Identifier | <a href="https://shs.cairn.info/revue-psy-cause-2010-2-page-17?lang=fr&redirect-ssocas=7080">https://shs.cairn.info/revue-psy-cause-2010-2-page-17?lang=fr&redirect-ssocas=7080</a> |
Pas d'exemplaire disponible.




Réseaux sociaux